| 000 | 00475nam a2200181 a 4500 | ||
|---|---|---|---|
| 001 | 3284 | ||
| 003 | CDMR | ||
| 005 | 20131217162035.0 | ||
| 008 | 130130s1977||||||||||||||||||||||||||||d | ||
| 020 | _a2859560238 | ||
| 040 |
_aCDMR _bcat _cCDMR |
||
| 100 | 1 |
_aServan-Schreiber, Jean-Louis _984 |
|
| 245 | 1 | 0 |
_aQuestionnaire pour demain _cJea-Louis ; Servan-Schreiber |
| 260 |
_aParis _c1977 _bRamsay |
||
| 300 | _a307 p. | ||
| 650 |
_94266 _aIntervius _zFrança |
||
| 942 |
_cMON _2udc |
||
| 999 |
_c3284 _d3284 |
||